000 00334nam a2200145Ia 4500
008 230718s9999 xx 000 0 und d
041 _aEng.
082 _a297.93
_bSYE-Y
100 _asyed Anwar
245 0 _ayaad Nama Dr. Wazir
260 _aPakistan
_bJamhori Publications
_c2015
300 _a145
650 _aLaw
999 _c31544
_d31544